Türkiye'nin enerji ticaret merkezi olmasında Doğu Akdeniz'in rplü (Record no. 10477)
[ view plain ]
| 000 -BAŞLIK | |
|---|---|
| Sabit Uzunlukta Kontrol Alanı | 00969na a2200277 4500 |
| 001 - KONTROL NUMARASI | |
| Denetim Alanı | 23910 |
| 003 - KONTROL NUMARASI IDENTIFIER | |
| Denetim Alanı | MIRAKIL |
| 005 - SON İŞLEM TARİHİ VE ZAMANI | |
| Denetim Alanı | 20181213155323.0 |
| 008 - SABİT-BOY VERİ ELEMANLARI - GENEL BİLGİLER | |
| Sabit Uzunlukta Kontrol Alanı | 180119b tu 000 0 |
| 020 ## - ULUSLARARASI STANDART KİTAP NUMARASI | |
| Uluslararası Standart Kitap Numarası | 9789752459304 |
| 040 ## - KATALOGLAMA KAYNAK | |
| Orijinal Kataloglama Ajansı | Milas |
| Kataloglama Dili | tur |
| Metne Dönüştürmek Ajansı | TR-AnCHP |
| 041 ## - DİL KODU | |
| Metin / Ses Parça Veya Ayrı Başlığın Dil Kodu | tur |
| 082 ## - DEWEY ONLU SINIFLANDIRMA NUMARASI | |
| Sınıflandırma Numarası | 333.79 |
| Ürün Numarası | K26t 2017 |
| 090 ## - SINIFLAMA NUMARASI | |
| Sınıflama Numarası | 333.79 K26t 2017 |
| 100 ## - ANA GİRİŞ - KİŞİSEL İSİM | |
| Kişisel Ad | Karagöl, Erdal Tanas |
| 245 ## - BAŞLIK TABLOSU | |
| Başlık | Türkiye'nin enerji ticaret merkezi olmasında Doğu Akdeniz'in rplü |
| Sorumluluk Tablosu, Vb | Erdal Tanas Karagöl, Büşra Zeynep Özdemir ; katkıda buSarıkaya |
| 260 ## - YAYIN, DAĞITIM, VB | |
| Yayın, Dağıtım, Vb Yeri | Ankara |
| Yayıncı, Dağıtıcı, Vs Adı | Siyaset, Ekonomi ve Toplum Araştırmaları Vakfı (SETA) |
| Yayın, Dağıtım, Vb Tarihi | 2017 |
| 300 ## - FİZİKSEL TANIM | |
| Kapsam | 62 s. |
| Diğer Fiziksel Ayrıntıları | grf. , hrt. |
| Boyutlar | 27 sm. |
| 440 ## - SERİSİ TABLOSU / KATMA GİRİŞİ - BAŞLIK | |
| Başlık | SETA yayınları |
| Hacim / Ardışık Tanımı | 92 |
| 650 ## - KONU KATMA GİRİŞ - TOPİKAL DÖNEM | |
| Topikal Süreli Veya Coğrafi Ad Giriş Elemanı | Enerji politikaları |
| Genel Alt Bölümü | Raporlar |
| Coğrafi Alt Bölümü | Türkiye |
| 650 ## - KONU KATMA GİRİŞ - TOPİKAL DÖNEM | |
| Topikal Süreli Veya Coğrafi Ad Giriş Elemanı | Enerji |
| Genel Alt Bölümü | Türkiye |
| Coğrafi Alt Bölümü | Doğu Akdeniz |
| 700 ## - KATMA GİRİŞ - KİŞİSEL İSİM | |
| Kişisel Ad | Sarıkaya, Merve |
| 700 ## - KATMA GİRİŞ - KİŞİSEL İSİM | |
| Kişisel Ad | Özdemir, Büşra Zeynep |
| 710 ## - KATMA GİRİŞ - KURUMSAL ADI | |
| Giriş Elemanı Olarak Kurumsal Ad Veya Yargı Alanı Adı | Siyaset, Ekonomi ve Toplum Araştırmaları Vakfı (SETA) |
| 942 ## - EKLENDİ GİRİŞ ELEMANLARI (KOHA) | |
| Sınıflandırma Veya Raf Düzeni Kaynak | |
| Koha Öğesi Türü | Books |
| 999 ## - SİSTEM KONTROL NUMARALARI (KOHA) | |
| Koha Biblionumber | 10477 |
| Koha Biblioitemnumber | 10477 |
| Kalıcı Konum | Mevcut Konum | Edinme Tarihi | Edinim Kaynak | Toplam Check-Out'Lar | Tam Çağrı Numarası | Barkod | Tarih Son Görülme | İtibaren Geçerli Fiyatlar | Koha Öğesi Türü |
|---|---|---|---|---|---|---|---|---|---|
| CHP Kütüphanesi | CHP Kütüphanesi | 01/19/2018 | Bağış | 333.79 K26t 2017 | 017894 | 01/19/2018 | 01/19/2018 | Books |
